Вып. 3 : Германий, цирконий, гафний, ниобий, тантал, селен, теллур, рений : 1955-1956; Химия редких элементов

Dettagli Bibliografici
Parent link:Химия редких элементов: библиографический указатель отечественной и зарубежной литературы/ АН СССР, Сектор сети специальных библиотек; Ин-т общей и неорганической химии им. Н. С. Курнакова, Б-ка Отделения химических наук. Вып. 3 : Германий, цирконий, гафний, ниобий, тантал, селен, теллур, рений : 1955-1956.— , 1960-
Altri autori: Спивакова Э. М. (составитель), Бабаян И. А. (редактор), Тананаев И. В.
Lingua:russo
Pubblicazione: 1964
Soggetti:
Natura: Libro
KOHA link:https://koha.lib.tpu.ru/cgi-bin/koha/opac-detail.pl?biblionumber=99869

MARC

LEADER 00000nam2a2200000 4500
001 99869
005 20231101214259.0
035 |a (RuTPU)RU\TPU\book\107294 
035 |a RU\TPU\book\107293 
090 |a 99869 
100 |a 20060718d1964 k y0rusy50 ca 
101 0 |a rus 
102 |a RU 
105 |a y a 001zy 
200 0 |a Вып. 3 : Германий, цирконий, гафний, ниобий, тантал, селен, теллур, рений : 1955-1956  |f сост. Э. М. Спивакова, И. А. Бабаян; отв. ред. И. В. Тананаев 
210 |d 1964 
215 |a 262 с. 
461 1 |0 (RuTPU)RU\TPU\book\107291  |t Химия редких элементов  |o библиографический указатель отечественной и зарубежной литературы  |f АН СССР, Сектор сети специальных библиотек; Ин-т общей и неорганической химии им. Н. С. Курнакова, Б-ка Отделения химических наук  |v Вып. 3 : Германий, цирконий, гафний, ниобий, тантал, селен, теллур, рений : 1955-1956  |d 1960- 
606 1 |a Редкие элементы  |x Химия  |2 stltpush  |3 (RuTPU)RU\TPU\subj\74971  |9 86880 
610 1 |a германий 
610 1 |a цирконий 
610 1 |a гафний 
610 1 |a ниобий 
610 1 |a тантал 
610 1 |a селен 
610 1 |a теллур 
610 1 |a рений 
610 1 |a физические свойства 
610 1 |a химические свойства 
610 1 |a неорганические соединения 
610 1 |a комплексные соединения 
610 1 |a органические соединения 
610 1 |a сплавы 
610 1 |a интерметаллические соединения 
610 1 |a аналитическая химия 
610 1 |a получение 
610 1 |a применение 
610 1 |a библиографические указатели 
675 |a 546.2/.9-022.251(01)  |v 3 
686 |a Я19  |v LBC/SL-A  |2 rubbk 
702 1 |a Спивакова  |b Э. М.  |4 220 
702 1 |a Бабаян  |b И. А.  |4 220 
702 1 |a Тананаев  |b И. В.  |4 340 
801 1 |a RU  |b 63413507  |c 20060718  |g PSBO 
801 2 |a RU  |b 63413507  |c 20221124  |g PSBO 
942 |c BK